000 01113nam a2200289 a 4500
001
003 DO-SdBNP
005 20220113080615.0
008 111107s2011 dr 000 0 spa d
020 _a9789993446132
040 _aDO-SdBNP
_bspa
_cBPMSU
082 _a923.17293
_bB171E 2011
_222
100 1 _aEncarnación Jimenez, Pedro
245 1 0 _aJoaquín Balaguer :
_bdel exilio a la presidencia, documentos y entrevistas 1961-1966 /
_cPedro Encarnación Jimenez.
260 _aSanto Domingo :
_bFundación Joaquín Balaguer,
_c2011.
300 _a453 p. ; :
_bil., retrs. ;
_c23 cm.
500 _aIncluye índice
500 _aIncluye datos biográficos del autor en la solapa de la cubierta
500 _aIncluye referencias bibliográficas y notas al pie de las páginas
590 _aInventariado, 2022/VM
600 1 4 _aBalaguer, Joaquín,
_d1906-2002
_92
651 4 _aRepública Dominicana
_xPolítica y gobierno
_y1961-1966
651 1 4 _aRepública Dominicana
_xHistoria
_y1961-1966
710 2 _aFundación Joaquín Balaguer (República Dominicana)
910 _aVMateo V.
942 _2ddc
_cMP
999 _c13937
_d13937